01188 a2200241 45000010006000000050017000060080041000230030015000640400040000790800045001192450014001640200022001782500012002002640042002123000023002545050470002770410008007471000022007557000018007777000034007957000022008298560095008514054120260407155700.0260407a2007 arg spa dAR-UNSa-BCEJYS aAR-UNSa-BCEJYSbspacAR-UNSa-BCEJYS a517.3xCálculo integral. Integración10aCálculo a978-970-26-0919-3 a9a. ed. 1aMéxico :bPearson Educaciónc2007 axv, 774 p.c27 cm. ao. Preliminares - 1. Límites - 2. La derivada - 3. Aplicaciones a la derivada - 4. La integral definida - 5. Aplicaciones de la integral - 6. Funciones trascendentales - 7. Técnicas de integración - 8. Formas indeterminadas e integrales impropias - 9. Series infinitas - 10. Cónicas y coordenadas polares - 11. Geometría en el espacio y vectores - 12. Derivadas para funciones de dos o más varibles - 13. Integrales múltiples - 14. Cálculo vectorial aspa1 aPurcell, Edwin J.1 aVarberg, Dale1 aIbarra Mercado, Víctor Hugo1 aRigdon, Steven E.41uhttps://biblioeco.unsa.edu.ar/pmb/images/libros/L126089.jpgyImagen de portadaqimage/jpeg